Loading...
| Literature - American | 0 | 3 | 0 | 1 | 30 | 84 | 113.33 | 0 | 2 | 0.00 | 0.00 |
| History - Other | 0 | 3 | 0 | 1 | 30 | 91 | 105.67 | 0 | 1 | 0.00 | 0.00 |
| Philosophy | 0 | 2 | 0 | 1 | 20 | 98 | 114.50 | 0 | 1 | 0.00 | 0.00 |
| Fine Arts - Classical Music | 0 | 2 | 0 | 1 | 20 | 134 | 138.00 | 0 | 0 | 0.00 | 0.00 |
| History - European | 0 | 2 | 0 | 1 | 20 | 46 | 88.50 | 0 | 1 | 0.00 | 0.00 |
| Literature - British | 0 | 2 | 0 | 0 | 20 | 82 | 83.00 | 1 | 1 | 0.00 | 0.00 |
| Current Events | 0 | 2 | 0 | 0 | 20 | 102 | 108.50 | 0 | 0 | 0.00 | 0.00 |
| History - World | 0 | 2 | 1 | 1 | 15 | 70 | 106.00 | 0 | 2 | 0.00 | 0.00 |
| Fine Arts - Other | 0 | 2 | 1 | 0 | 15 | 92 | 97.50 | 0 | 1 | 0.00 | 0.00 |
| History - American | 0 | 2 | 1 | 0 | 15 | 66 | 76.50 | 1 | 1 | 0.00 | 0.00 |
| Fine Arts - Painting and Sculpture | 0 | 1 | 0 | 0 | 10 | 101 | 101.00 | 0 | 0 | 0.00 | 0.00 |
| Mythology | 0 | 1 | 0 | 1 | 10 | 127 | 127.00 | 0 | 0 | 0.00 | 0.00 |
| Geography | 0 | 1 | 1 | 0 | 5 | 64 | 64.00 | 0 | 1 | 0.00 | 0.00 |